Santa Fe 2917, Rosario, Santa Fe
Lu-Vi 8 a 19.45
+54-341-4232362
bibliotecaeudoro@gmail.com
Facebook Biblioteca Pedagógica
Sitio web

Vista normal Vista MARC
  • RIMAS INFANTILES

Entrada Términos de género/forma

Número de registros utilizados en: 1

001 - NÚMERO DE CONTROL

  • campo de control: 31030

003 - IDENTIFICADOR DEL NÚMERO DE CONTROL

  • campo de control: AR-RoBPED

005 - FECHA Y HORA DE LA ÚLTIMA TRANSACCIÓN

  • campo de control: 20260610155403.0

008 - DATOS DE LONGITUD FIJA

  • campo de control de longitud fija: 260610|| aca||babn | a|a d

040 ## - FUENTE DE LA CATALOGACIÓN

  • Centro catalogador/agencia de origen: AR-RoBPED

155 ## - ENCABEZAMIENTO--TÉRMINO DE GÉNERO/FORMA

  • Término de género/forma: RIMAS INFANTILES